00803cam a2200241 a 4500001000500000005001700005020001500022040002300037050001500060082000800075100002500083245009800108250004400206260003500250300005800285505000800343520007900351521002000430521002000450650002600470650003100496700003400527319320250909105836.0 a0590737910 aDLCcDLCdDLCbeng00aPZ7.H6756200a4751 aHoffman, Maryd1945-10aBoundless Grace : cby Hoffman, Mary ; pictures by Binch, CarolinebSequel to Amazing Grace / aFirst Scholastic printing, October 1997 aNew York :bScholastic ,c1995 a30 unnumbered pages :bcolor illustrations ;c28 cm. aN  aGrace is invited for a visit with her father and his new family in Africa. a560 bLexile  aN bRaz-Plus  1aStepfamiliesvFiction 1aAfrican AmericansvFiction1 aBinch, Carolineeillustrator